000 01561cam a2200373 a 4500
999 _c529625
_d529625
001 3944808
003 NUST
005 20190930104640.0
008 930930s1993 dcuab b 000 0 eng d
010 _a 93060010
020 _a0309053129
035 _a(OCoLC)28600707
038 _aMSOHAIL
040 _aWU
_cWU
_dPV
_dDLC
042 _alccopycat
043 _an-us---
050 0 0 _aHE336.B8
_bF83 1993
082 _a0
100 1 _aFuhs, Charles A.
_921989
245 1 0 _aPreferential lane treatments for high-occupancy vehicles /
_cCharles A. Fuhs.
260 _aWashington, D.C. :
_bNational Academy Press,
_c1993.
300 _a80 p. :
_bill., maps ;
_c28 cm.
440 0 _aSynthesis of highway practice,
_x0547-5570 ;
_v185
_921990
500 _a"Transportation Research Board, National Research Council."
500 _a"Research sponsored by the American Association of State Highway and Transportation Officials in cooperation with the Federal Highway Administration."
504 _aIncludes bibliographical references (p. 69-80).
650 0 _aHigh occupancy vehicle lanes
_zUnited States.
_921991
710 2 _aNational Research Council (U.S.).
_bTransportation Research Board.
_919676
710 2 _aAmerican Association of State Highway and Transportation Officials.
_919553
710 1 _aUnited States.
_bFederal Highway Administration.
_920149
906 _a7
_bcbc
_ccopycat
_d2
_eopcn
_f19
_gy-gencatlg
942 _2ddc
_cBK